000 00461nam a22001697a 4500
005 20251108175621.0
008 250721s2018 xx 000 0 ara d
082 1 4 _aط/ق/مغا
245 1 0 _aمغامرات بينوكيو /
264 _bHAT،
_c2018.
300 _a31ص.
650 1 7 _aادب الاطفال
650 1 7 _aالقصص العربية
653 _aاطفال مرحلة متوسطة(6-9)سنوات
942 _2ddc
_cBK
999 _c138345
_d138345